Red Tape Challenge (Record no. 83867)
[ view plain ]
| 000 -LEADER | |
|---|---|
| fixed length control field | 01024cad a22001935a 4500 |
| 001 - CONTROL NUMBER | |
| control field | L155457 |
| 008 - FIXED-LENGTH DATA ELEMENTS--GENERAL INFORMATION | |
| fixed length control field | 120323e2012 xxk 000 0 eng d |
| 035 ## - SYSTEM CONTROL NUMBER | |
| System control number | (Sirsi) u155457 |
| 041 0# - LANGUAGE CODE | |
| Language code of text/sound track or separate title | eng |
| 110 2# - MAIN ENTRY--CORPORATE NAME | |
| Corporate name or jurisdiction name as entry element | United Kingdom |
| Subordinate unit | Department for Environment Food and Rural Affairs |
| 245 00 - TITLE STATEMENT | |
| Title | Red Tape Challenge |
| Remainder of title | Environment Theme Proposals |
| Medium | [electronic resource] |
| 260 ## - PUBLICATION, DISTRIBUTION, ETC. | |
| Place of publication, distribution, etc. | London |
| Name of publisher, distributor, etc. | DEFRA |
| Date of publication, distribution, etc. | 2012 |
| 520 ## - SUMMARY, ETC. | |
| Summary, etc. | Details the proposals following the government's Red Tape Challenge for the Environment Theme which was launched in April 2011. Areas covered include, waste, environment permitting and carbon reduction. Out of 255 regulations 132 will be improved mainly through simplification and consolidation, 70 will be kept as they are and 53 obsolete regulations will be removed. |
| 590 ## - LOCAL NOTE (RLIN) | |
| Local note | KA NTK |
| 651 #4 - SUBJECT ADDED ENTRY--GEOGRAPHIC NAME | |
| Geographic name | United Kingdom |
| 690 ## - LOCAL SUBJECT ADDED ENTRY--TOPICAL TERM (OCLC, RLIN) | |
| Topical term or geographic name as entry element | Environment |
| 9 (RLIN) | 6238 |
| 856 40 - ELECTRONIC LOCATION AND ACCESS | |
| Uniform Resource Identifier | <a href="https://www.defra.gov.uk/publications/files/pb13728-red-tape-environment.pdf">https://www.defra.gov.uk/publications/files/pb13728-red-tape-environment.pdf</a> |
| Public note | View the proposals free of charge at www.defra.gov.uk |
| 942 ## - ADDED ENTRY ELEMENTS (KOHA) | |
| Suppress in OPAC | 0 |
| Withdrawn status | Lost status | Source of classification or shelving scheme | Damaged status | Not for loan | Home library | Current library | Shelving location | Date acquired | Total Checkouts | Full call number | Barcode | Date last seen | Copy number | Price effective from | Koha item type |
|---|---|---|---|---|---|---|---|---|---|---|---|---|---|---|---|
| Dewey Decimal Classification | Virtual | Virtual | Online | 23/03/2012 | ONLINE PUBLICATION | 155457-2001 | 06/08/2019 | 1 | 06/08/2019 | Book |